000 00218 a2200097 4500
001 43591
100 _aHill
245 _aAn advanced refresher course
260 _aLondon
_bOxford Univ press
_c
090 _c27409
_d27409
942 _aNUST-CAE
_cM
_c19346
999 _c278664
_d278664